[Event "FIDE Chesscom Grand Swiss 2019"]
[Site "Douglas-Isle of Man"]
[Date "2019.10.15"]
[Round "7.13"]
[White "Riazantsev, Alexander"]
[Black "Bjerre, Jonas Buhl"]
[Result "1/2-1/2"]
[WhiteElo "2645"]
[BlackElo "2506"]
[Annotator "RC"]
[PlyCount "111"]
[EventDate "2019.10.10"]
[EventType "swiss"]
[EventCountry "GBR"]
[SourceTitle "playchess.com"]
[Source "ChessBase"]
[SourceQuality "1"]
[TimeControl "40/6000+30:20/3000+30:900+30"]

1. d4 {[%emt 0:00:00]} Nf6 {[%emt 0:00:00]} 2. c4 {[%emt 0:00:00]} e6 {[%emt 0:00:00]} 3. Nf3 {[%emt 0:00:00]} d5 {[%emt 0:00:01]} 4. Nc3 {[%emt 0:00:00]} dxc4 {[%emt 0:00:39]} 5. e4 {[%emt 0:00:00]} Bb4 {[%emt 0:00:44]} 6. Bxc4 {[%emt 0:00:40]} Nxe4 {[%emt 0:02:00]} 7. O-O {[%emt 0:00:15]} Nf6 {[%emt 0:00:50]} 8. Qa4+ {[%emt 0:00:45]} Nc6 {[%emt 0:00:18]} 9. Bg5 {[%emt 0:00:33]} Bxc3 {[%emt 0:04:46]} 10. bxc3 {[%emt 0:00:17]} O-O {[%emt 0:00:29]} 11. Qc2 {[%emt 0:00:15]} h6 {[%emt 0:03:59]} 12. Bh4 {[%emt 0:01:58]} Ne7 {[%emt 0:01:44]} 13. Bxf6 {[%emt 0:02:20]} gxf6 {[%emt 0:00:05]} 14. Rae1 {[%emt 0:00:46]} Kg7 {[%emt 0:05:51]} 15. Re3 {[%emt 0:07:20]} Ng6 {[%emt 0:03:27]} 16. Bd3 {[%emt 0:04:12]} b6 {[%emt 0:11:57]} 17. Nh4 {[%emt 0:21:15]} f5 {[%emt 0:09:31]} 18. Nxg6 {[%emt 0:00:26]} fxg6 {[%emt 0:01:31]} 19. Bc4 {[%emt 0:07:21]} Re8 {[%emt 0:05:31]} 20. Rfe1 {[%emt 0:02:28]} Qd6 {[%emt 0:05:26]} 21. Re5 {[%emt 0:06:33]} Bd7 {[%emt 0:03:03]} 22. h4 {[%emt 0:01:44]} Rac8 {[%emt 0:06:42]} 23. Qe2 {[%emt 0:10:04]} c5 {[%emt 0:07:55]} 24. Ba6 {[%emt 0:03:48]} Rcd8 {[%emt 0:01:46]} 25. dxc5 {[%emt 0:00:12]} bxc5 {[%emt 0:00:31]} 26. Bc4 {[%emt 0:00:07]} Bc6 {[%emt 0:09:56]} 27. Qe3 {[%emt 0:14:03]} Be4 {[%emt 0:03:47]} 28. Qf4 {[%emt 0:00:59]} Qd2 {[%emt 0:04:19]} 29. Qxd2 {[%emt 0:08:36]} Rxd2 {[%emt 0:00:04]} 30. Rxc5 {[%emt 0:00:02]} Kf6 {[%emt 0:06:28]} 31. f3 {[%emt 0:02:27]} Bd3 {[%emt 0:01:34]} 32. Bb3 {[%emt 0:00:11]} Bc2 {[%emt 0:01:35]} 33. Bc4 {[%emt 0:08:41]} Bd3 {[%emt 0:01:50]} 34. Bd5 {[%emt 0:01:01]} Bc2 {[%emt 0:02:45]} 35. c4 {[%emt 0:03:10]} Rd1 {[%emt 0:01:35]} 36. Rxd1 {[%emt 0:01:09]} Bxd1 {[%emt 0:00:04]} 37. Bb7 {[%emt 0:01:09]} Re7 {[%emt 0:00:58]} 38. Bc8 {[%emt 0:00:55]} Ba4 {[%emt 0:00:45]} 39. Kf2 {[%emt 0:01:03]} e5 {[%emt 0:01:47]} 40. Ra5 {[%emt 0:01:29]} Be8 {[%emt 0:01:35]} 41. Ra6+ {[%emt 0:03:15]} Kg7 {[%emt 0:05:57]} 42. Be6 {[%emt 0:01:05]} Bf7 {[%emt 0:04:00]} 43. Bxf7 {[%emt 0:01:53]} Kxf7 {[%emt 0:01:20]} 44. h5 {[%emt 0:07:40]} gxh5 {[%emt 0:00:58]} 45. Rxh6 {[%emt 0:00:02]} Rd7 {[%emt 0:03:32]} 46. Rxh5 {[%emt 0:17:57]} Rd2+ {[%emt 0:02:26]} 47. Ke3 {[%emt 0:00:14]} Rxg2 {[%emt 0:01:25]} 48. Rxf5+ {[%emt 0:00:08]} Ke6 {[%emt 0:01:01]} 49. Rh5 {[%emt 0:00:04]} Rxa2 {[%emt 0:01:15]} 50. Rh6+ {[%emt 0:00:03]} Kf5 {[%emt 0:01:53]} 51. Rh5+ {[%emt 0:01:48]} Ke6 {[%emt 0:00:26]} 52. Ke4 {[%emt 0:02:09]} Re2+ {[%emt 0:01:57]} 53. Kd3 {[%emt 0:00:01]} Rf2 {[%emt 0:01:22]} 54. Rh6+ {[%emt 0:00:10]} Kf5 {[%emt 0:00:50]} 55. Ke3 {[%emt 0:00:11]} Ra2 {[%emt 0:00:56]} 56. Rh5+ {[%emt 0:00:29]} 1/2-1/2

[Event "FIDE Chesscom Grand Swiss 2019"]
[Site "Douglas-Isle of Man"]
[Date "2019.10.17"]
[Round "7.14"]
[White "Kasimdzhanov, Rustam"]
[Black "Svidler, Peter"]
[Result "1/2-1/2"]
[WhiteElo "2657"]
[BlackElo "2729"]
[Annotator "TA"]
[PlyCount "60"]
[EventDate "2019.10.10"]
[EventType "swiss"]
[EventCountry "GBR"]
[SourceTitle "playchess.com"]
[Source "ChessBase"]
[SourceQuality "1"]

{[%evp 10,60,24,19,22,25,27,18,29,30,35,30,27,25,33,29,36,0,19,-9,-14,-6,-13,-18,-9,-18,-20,-25,-20,-25,0,0,0,0,0,-39,-28,-18,0,-17,-11,-8,7,0,0,0,0,0,6,-14,34,35,31]} 1. e4 c6 2. d4 d5 3. e5 Bf5 4. Nd2 e6 5. Nb3 Nd7 6. Nf3 Ne7 {B12: Caro-Kann: Advance Variation} 7. Be2 h6 8. O-O Qc7 {The position is equal.} (8... g5 9. a4 Bg7 10. a5 O-O 11. c3 Qc7 12. h4 g4 13. Ne1 h5 14. Nd3 Ng6 {0-1 (47) Alekseenko,K (2668)-Artemiev,V (2757) Izhevsk 2019}) 9. a4 a6 10. Bd2 c5 11. Nxc5 Nxc5 12. dxc5 Qxc5 13. Bd3 $146 (13. b4 {is interesting.} Qc8 14. Rc1 Be4 15. c4 Qd7 16. c5) ({Predecessor:} 13. Rc1 Nc6 14. Be3 Qa5 15. c4 dxc4 16. Rxc4 {1-0 (32) Gopal,G (2582)-Akesson,R (2368) Stockholm 2018}) 13... Qc7 14. Re1 Bxd3 15. cxd3 Nc6 16. Qb3 Be7 17. a5 O-O 18. Ra4 Kh8 19. Rg4 f5 20. exf6 Bxf6 21. h3 Rae8 22. Nh4 {Ng6+ is the strong threat.} Bxh4 23. Rxh4 Qd7 ({Avoid the trap} 23... Nxa5 $2 24. Qa4 $18) 24. Qd1 {[#] And now Bxh6! would win.} (24. d4 {seems wilder.} Rf5 25. Qg3 Kh7 26. Qd3 Qf7 27. Rf4) 24... e5 25. Qg4 Qxg4 (25... Qd6 {keeps more tension.} 26. Qg3 Re6 27. Rg4 Rf7 28. b4 Kh7) 26. Rxg4 Kh7 27. Ra4 Kg6 28. f3 Kf6 29. f4 Kg6 30. fxe5 Rxe5 {Accuracy: White = 46%, Black = 47%.} 1/2-1/2

[Event "FIDE Chesscom Grand Swiss 2019"]
[Site "Douglas-Isle of Man"]
[Date "2019.10.15"]
[Round "7.14"]
[White "Saduakassova, Dinara"]
[Black "Chigaev, Maksim"]
[Result "1/2-1/2"]
[WhiteElo "2481"]
[BlackElo "2644"]
[Annotator "RC"]
[PlyCount "153"]
[EventDate "2019.10.10"]
[EventType "swiss"]
[EventCountry "GBR"]
[SourceTitle "playchess.com"]
[Source "ChessBase"]
[SourceQuality "1"]
[TimeControl "40/6000+30:20/3000+30:900+30"]

1. d4 {[%emt 0:00:00]} Nf6 {[%emt 0:00:00]} 2. c4 {[%emt 0:00:00]} g6 {[%emt 0:00:00]} 3. g3 {[%emt 0:00:13]} c5 {[%emt 0:00:00]} 4. dxc5 {[%emt 0:01:29]} Na6 {[%emt 0:00:00]} 5. Bg2 {[%emt 0:04:02]} Bg7 {[%emt 0:01:13]} 6. Nc3 {[%emt 0:04:41]} O-O {[%emt 0:01:03]} 7. Nf3 {[%emt 0:03:32]} Nxc5 {[%emt 0:01:04]} 8. O-O {[%emt 0:00:13]} b6 {[%emt 0:02:25]} 9. Nd4 {[%emt 0:07:51]} Bb7 {[%emt 0:00:22]} 10. Bxb7 {[%emt 0:01:32]} Nxb7 {[%emt 0:00:08]} 11. Bg5 {[%emt 0:02:40]} Rc8 {[%emt 0:03:34]} 12. b3 {[%emt 0:04:48]} Nc5 {[%emt 0:01:39]} 13. Bxf6 {[%emt 0:07:02]} Bxf6 {[%emt 0:00:10]} 14. Rc1 {[%emt 0:00:14]} Bg7 {[%emt 0:05:44]} 15. Qd2 {[%emt 0:02:35]} d6 {[%emt 0:01:56]} 16. Rfd1 {[%emt 0:01:39]} Re8 {[%emt 0:00:55]} 17. Qe3 {[%emt 0:02:43]} a6 {[%emt 0:09:45]} 18. Nd5 {[%emt 0:07:20]} e6 {[%emt 0:05:09]} 19. Nc3 {[%emt 0:02:23]} Qc7 {[%emt 0:04:47]} 20. Rc2 {[%emt 0:07:21]} Red8 {[%emt 0:03:08]} 21. Rcd2 {[%emt 0:07:06]} Nb7 {[%emt 0:06:12]} 22. Ne4 {[%emt 0:03:55]} h6 {[%emt 0:06:32]} 23. Qf3 {[%emt 0:04:33]} Kh8 {[%emt 0:03:43]} 24. g4 {[%emt 0:07:49]} d5 {[%emt 0:07:44]} 25. cxd5 {[%emt 0:01:01]} Rxd5 {[%emt 0:00:06]} 26. e3 {[%emt 0:05:53]} Qe7 {[%emt 0:09:23]} 27. Kg2 {[%emt 0:01:56]} Nc5 {[%emt 0:06:45]} 28. Ne2 {[%emt 0:06:31]} Nxe4 {[%emt 0:04:02]} 29. Qxe4 {[%emt 0:00:03]} Rxd2 {[%emt 0:00:19]} 30. Rxd2 {[%emt 0:00:06]} Kh7 {[%emt 0:00:52]} 31. Qf3 {[%emt 0:03:28]} Rc7 {[%emt 0:00:22]} 32. Ng3 {[%emt 0:01:41]} b5 {[%emt 0:01:05]} 33. Qd1 {[%emt 0:01:57]} a5 {[%emt 0:01:36]} 34. Rc2 {[%emt 0:01:14]} Rd7 {[%emt 0:02:31]} 35. Rd2 {[%emt 0:00:11]} Rxd2 {[%emt 0:00:12]} 36. Qxd2 {[%emt 0:00:02]} a4 {[%emt 0:00:32]} 37. Qd3 {[%emt 0:04:08]} Qb7+ {[%emt 0:01:49]} 38. Qe4 {[%emt 0:00:59]} Qd7 {[%emt 0:00:06]} 39. bxa4 {[%emt 0:01:42]} bxa4 {[%emt 0:00:06]} 40. h4 {[%emt 0:01:28]} f5 {[%emt 0:01:35]} 41. Qc4 {[%emt 0:05:38]} fxg4 {[%emt 0:01:24]} 42. h5 {[%emt 0:01:24]} Qd5+ {[%emt 0:00:26]} 43. Qxd5 {[%emt 0:00:06]} exd5 {[%emt 0:00:06]} 44. f3 {[%emt 0:04:05]} gxf3+ {[%emt 0:00:30]} 45. Kxf3 {[%emt 0:00:02]} Be5 {[%emt 0:00:15]} 46. hxg6+ {[%emt 0:00:56]} Kxg6 {[%emt 0:00:10]} 47. Nh1 {[%emt 0:01:20]} h5 {[%emt 0:10:06]} 48. Nf2 {[%emt 0:00:07]} a3 {[%emt 0:01:16]} 49. Nd3 {[%emt 0:05:18]} Kf5 {[%emt 0:02:00]} 50. Nc5 {[%emt 0:10:29]} Kf6 {[%emt 0:06:26]} 51. Nd3 {[%emt 0:02:46]} Bd6 {[%emt 0:00:49]} 52. Nf2 {[%emt 0:03:16]} Ke6 {[%emt 0:02:57]} 53. Nd3 {[%emt 0:01:08]} Bc7 {[%emt 0:01:37]} 54. Ne1 {[%emt 0:02:06]} Bd6 {[%emt 0:00:47]} 55. Nd3 {[%emt 0:00:10]} h4 {[%emt 0:03:02]} 56. Kg4 {[%emt 0:07:27]} Be7 {[%emt 0:18:22]} 57. Nf4+ {[%emt 0:00:34]} Kd6 {[%emt 0:00:02]} 58. Ng6 {[%emt 0:00:44]} Bd8 {[%emt 0:00:50]} 59. Nxh4 {[%emt 0:01:48]} Kc5 {[%emt 0:00:06]} 60. Nf5 {[%emt 0:02:23]} Kc4 {[%emt 0:02:49]} 61. Kf3 {[%emt 0:16:06]} Kd3 {[%emt 0:15:28]} 62. Kf2 {[%emt 0:03:42]} Bb6 {[%emt 0:05:46]} 63. Kf3 {[%emt 0:00:05]} Bc5 {[%emt 0:00:05]} 64. Kf2 {[%emt 0:00:12]} Kd2 {[%emt 0:04:32]} 65. Kf3 {[%emt 0:00:12]} Kc3 {[%emt 0:00:45]} 66. Ke2 {[%emt 0:00:47]} Kc2 {[%emt 0:00:12]} 67. Ke1 {[%emt 0:01:35]} Kd3 {[%emt 0:00:47]} 68. Kf2 {[%emt 0:00:06]} Ba7 {[%emt 0:04:51]} 69. Kf3 {[%emt 0:00:18]} Kc3 {[%emt 0:00:05]} 70. Ke2 {[%emt 0:01:45]} Kb2 {[%emt 0:00:07]} 71. Kd3 {[%emt 0:01:04]} Bc5 {[%emt 0:00:44]} 72. Nd4 {[%emt 0:01:15]} Bxd4 {[%emt 0:00:28]} 73. exd4 {[%emt 0:00:04]} Kb1 {[%emt 0:00:51]} 74. Kd2 {[%emt 0:00:44]} Kxa2 {[%emt 0:00:06]} 75. Kc2 {[%emt 0:00:01]} Ka1 {[%emt 0:00:02]} 76. Kc1 {[%emt 0:00:03]} a2 {[%emt 0:00:13]} 77. Kc2 {[%emt 0:00:02]} 1/2-1/2

[Event "FIDE Chesscom Grand Swiss 2019"]
[Site "Douglas-Isle of Man"]
[Date "2019.10.17"]
[Round "7.15"]
[White "Melkumyan, Hrant"]
[Black "Bu, Xiangzhi"]
[Result "1-0"]
[WhiteElo "2650"]
[BlackElo "2721"]
[Annotator "TA"]
[PlyCount "75"]
[EventDate "2019.10.10"]
[EventType "swiss"]
[EventCountry "GBR"]
[SourceTitle "playchess.com"]
[Source "ChessBase"]
[SourceQuality "1"]

{[%evp 26,75,25,4,9,0,22,7,1,-24,-7,-15,-20,-8,0,0,0,0,0,0,0,0,0,0,16,18,47,80,100,116,119,27,27,37,333,293,311,283,408,405,391,387,458,460,481,474,29972,29973,29973,5289,29990,122]} 1. d4 Nf6 2. c4 e6 3. Nf3 d5 4. Nc3 c5 5. cxd5 Nxd5 6. e4 Nxc3 7. bxc3 cxd4 8. cxd4 Bb4+ 9. Bd2 Bxd2+ 10. Qxd2 O-O 11. Bc4 Nd7 12. O-O b6 13. Rad1 Bb7 14. Rfe1 Rc8 {D41: Queen's Gambit Declined: Semi-Tarrasch with 5 cxd5} 15. Bb3 Qf6 (15... Re8 16. h3 Nf6 17. Qf4 Nh5 18. Qh2 h6 19. Nd2 b5 20. Qe5 Qg5 21. Qxg5 hxg5 22. Nf3 {½-½ (52) Mamedyarov,S (2774)-Ding,L (2805) Zagreb 2019}) 16. d5 Nc5 {The position is equal.} 17. Bc2 exd5 18. e5 Qe7 19. Nd4 Ne4 20. Qf4 {Threatens to win with Nf5.} g6 $146 ({Predecessor:} 20... Qg5 21. Rxe4 Qxf4 22. Rxf4 {1-0 (30) Novotny,M (2178)-Sandor,M (2035) Bratislava 2019}) 21. h4 Kh8 22. h5 g5 (22... gxh5 $2 23. Bxe4 dxe4 24. Nf5 $18) 23. Qf5 Rc5 24. h6 Bc8 25. Qf3 Rc3 26. Re3 Rxe3 27. Qxe3 $40 {[%mdl 128] White is out for blood.} Nc5 28. Nf3 (28. Nc6 $16 Qe6 {[#]} 29. Rxd5 $1 {[%mdl 512]} (29. Nxa7 Bd7 $16) (29. Qxg5 Rg8 $16) 29... Qxh6 30. Nxa7) 28... f6 $11 29. Re1 Ne4 $2 {[%mdl 8192]} ({Black should try} 29... g4 $14 30. Nd4 Ne6) 30. Bxe4 $18 dxe4 31. exf6 ({Less strong is} 31. Qxe4 Bb7 $16) 31... Qxf6 (31... Rxf6 $142 32. Nxg5 Bb7) 32. Nxg5 Bf5 33. Rd1 Kg8 34. Qg3 {And now Rd6 would win.} Bg6 35. Rd7 ({Weaker is} 35. Nxe4 Qe7 $18) 35... Re8 (35... e3 $18 36. fxe3 Rd8) 36. Nxh7 Qf5 {[#]} 37. Qc3 $3 {[%csl Gd7,Gh6][%cal Rc3g7][%mdl 512]} Re5 38. Rg7+ {Accuracy: White = 72%, Black = 37%.} 1-0

[Event "FIDE Chesscom Grand Swiss 2019"]
[Site "Douglas-Isle of Man"]
[Date "2019.10.15"]
[Round "7.15"]
[White "Zvjaginsev, Vadim"]
[Black "Paravyan, David"]
[Result "1/2-1/2"]
[WhiteElo "2644"]
[BlackElo "2602"]
[Annotator "RC"]
[PlyCount "69"]
[EventDate "2019.10.10"]
[EventType "swiss"]
[EventCountry "GBR"]
[SourceTitle "playchess.com"]
[Source "ChessBase"]
[SourceQuality "1"]
[TimeControl "40/6000+30:20/3000+30:900+30"]

1. e4 {[%emt 0:00:04]} e5 {[%emt 0:00:00]} 2. Nf3 {[%emt 0:00:05]} Nc6 {[%emt 0:00:00]} 3. g3 {[%emt 0:00:04]} d5 {[%emt 0:01:24]} 4. exd5 {[%emt 0:00:40]} Qxd5 {[%emt 0:00:05]} 5. Nc3 {[%emt 0:00:28]} Qd6 {[%emt 0:00:05]} 6. Bg2 {[%emt 0:00:56]} Bg4 {[%emt 0:00:05]} 7. h3 {[%emt 0:00:41]} Bh5 {[%emt 0:00:05]} 8. g4 {[%emt 0:01:20]} Bg6 {[%emt 0:00:04]} 9. d3 {[%emt 0:01:34]} O-O-O {[%emt 0:00:17]} 10. Be3 {[%emt 0:01:26]} Nd4 {[%emt 0:08:39]} 11. O-O {[%emt 0:05:55]} c6 {[%emt 0:06:51]} 12. Ne4 {[%emt 0:09:35]} Qc7 {[%emt 0:12:48]} 13. c3 {[%emt 0:01:54]} Nxf3+ {[%emt 0:00:11]} 14. Qxf3 {[%emt 0:01:50]} Nf6 {[%emt 0:35:52]} 15. Rfd1 {[%emt 0:17:37]} Nd5 {[%emt 0:16:50]} 16. d4 {[%emt 0:06:25]} Nxe3 {[%emt 0:00:45]} 17. Qxe3 {[%emt 0:01:46]} exd4 {[%emt 0:04:29]} 18. Rxd4 {[%emt 0:06:02]} Rxd4 {[%emt 0:01:45]} 19. cxd4 {[%emt 0:03:15]} Bxe4 {[%emt 0:03:00]} 20. Qxe4 {[%emt 0:07:44]} Bd6 {[%emt 0:00:22]} 21. b4 {[%emt 0:02:17]} Kb8 {[%emt 0:02:08]} 22. d5 {[%emt 0:04:30]} c5 {[%emt 0:02:54]} 23. Rc1 {[%emt 0:00:52]} c4 {[%emt 0:00:03]} 24. Rxc4 {[%emt 0:06:41]} Qd7 {[%emt 0:00:10]} 25. Qf5 {[%emt 0:01:35]} Qxf5 {[%emt 0:02:20]} 26. gxf5 {[%emt 0:00:04]} a6 {[%emt 0:05:18]} 27. a4 {[%emt 0:06:16]} g6 {[%emt 0:01:41]} 28. fxg6 {[%emt 0:02:02]} hxg6 {[%emt 0:00:04]} 29. b5 {[%emt 0:01:09]} axb5 {[%emt 0:00:03]} 30. axb5 {[%emt 0:00:05]} Ka7 {[%emt 0:00:45]} 31. Rc3 {[%emt 0:01:03]} Kb6 {[%emt 0:00:16]} 32. Bf1 {[%emt 0:03:13]} Re8 {[%emt 0:00:43]} 33. Re3 {[%emt 0:00:51]} Rxe3 {[%emt 0:00:04]} 34. fxe3 {[%emt 0:00:08]} Kc5 {[%emt 0:00:03]} 35. Kf2 {[%emt 0:00:23]} 1/2-1/2

[Event "FIDE Chesscom Grand Swiss 2019"]
[Site "Douglas-Isle of Man"]
[Date "2019.10.17"]
[Round "7.16"]
[White "Vidit, Santosh Gujrathi"]
[Black "Sarana, Alexey"]
[Result "1/2-1/2"]
[WhiteElo "2718"]
[BlackElo "2655"]
[Annotator "TA"]
[PlyCount "129"]
[EventDate "2019.10.10"]
[EventType "swiss"]
[EventCountry "GBR"]
[SourceTitle "playchess.com"]
[Source "ChessBase"]
[SourceQuality "1"]

{[%evp 9,129,7,23,0,0,0,1,0,0,0,11,20,18,12,0,0,9,2,22,0,0,0,8,14,12,12,28,44,58,53,37,15,70,70,70,70,70,70,70,70,88,89,93,75,74,74,92,92,92,88,92,92,90,87,87,87,77,70,73,0,70,68,68,68,85,62,79,79,79,20,68,68,68,68,68,68,68,64,92,92,92,79,79,62,79,62,62,62,79,62,62,62,62,62,62,62,62,62,62,62,62,62,62,62,62,0,0,0,0,0,0,0,0,0,0,0,0,0,0,0,0,0]} 1. Nf3 ({Predecessor:} 1. d4 Nf6 2. c4 e6 3. Nf3 {0-1 (36) Nguyen,D (2508)-Vidit,S (2610) Sharjah 2014}) 1... d5 2. d4 Nf6 3. c4 e6 4. Nc3 dxc4 5. e4 Bb4 6. Bxc4 {D24: Queen's Gambit Accepted: 3 Nf3 Nf6 4 Nc3} Nxe4 7. O-O Nxc3 $146 (7... Nf6 8. Qa4+ Nc6 9. Ne5 Bd6 10. Nxc6 bxc6 11. Qxc6+ Bd7 12. Qf3 O-O 13. Bg5 Rb8 {1-0 (45) Giri,A (2780)-Duda,J (2730) chess.com INT 2019}) 8. bxc3 Be7 9. Ne5 O-O 10. Qg4 Nc6 11. Bf4 Nxe5 12. dxe5 f5 13. exf6 $1 Bxf6 14. Rad1 Qe7 15. Rfe1 $40 {[%mdl 128] White is up to no good.} Kh8 16. Bd3 ({But not} 16. Bxe6 $2 Re8 $19) 16... Qf7 17. Qh3 {[%csl Gd3][%cal Rh3h7] [#]} g6 {Threatens to win with ...e5.} 18. Qg3 e5 19. Bxe5 Be6 20. Be4 (20. Bxc7 {looks sharper.} Bxa2 21. Bb5 Qg7 22. Re3 a6 23. Be2) 20... Bxa2 (20... Bxe5 $11 21. Qxe5+ Kg8) 21. Bxb7 $14 Rae8 22. Bxf6+ Qxf6 23. Rxe8 Rxe8 24. Qxc7 Bb3 25. Ra1 Re7 26. Qc8+ Kg7 {[#]} 27. Ba6 $1 Qb6 28. Bc4 Bxc4 29. Qxc4 $16 {[%mdl 4096] Endgame KQR-KQR} Rc7 30. Qd5 Qf6 31. Rc1 Qf4 32. Re1 Rf7 33. Qc5 Rc7 34. Qd5 Rf7 35. f3 Rc7 36. g3 Qf6 37. c4 a5 38. Qxa5 Rxc4 39. Rd1 ({White should try} 39. Qa7+ $16 Kh6 40. Qf2) 39... Qe7 {Strongly threatening ...Qe3+.} 40. Qa1+ Kh6 {...Qe3+ is the strong threat.} 41. Qb2 Qe3+ 42. Kg2 Rc3 43. Rf1 Rc7 44. Rf2 Qc3 45. Qe2 Kg7 46. h4 Qf6 47. Qe4 Re7 48. Qd3 Qe5 49. Rc2 h5 50. Qd1 Rb7 51. Re2 Rb2 52. Rxb2 Qxb2+ $14 {KQ-KQ} 53. Kf1 Qc3 54. Qd7+ Kf6 55. Qd6+ Kf7 56. Ke2 Qc2+ 57. Ke3 (57. Qd2 $1 $14 Qc4+ 58. Kf2) 57... Qc3+ $11 {The position is equal.} 58. Qd3 Qe1+ 59. Kf4 Qc1+ 60. Qe3 Qc7+ $1 61. Qe5 Qc1+ $1 62. Ke4 Qb1+ 63. Kf4 {aiming for Kg5.} Qc1+ 64. Ke4 {Hoping for Qf4+.} Qb1+ 65. Kf4 {Accuracy: White = 58%, Black = 74%.} 1/2-1/2

[Event "FIDE Chesscom Grand Swiss 2019"]
[Site "Douglas-Isle of Man"]
[Date "2019.10.15"]
[Round "7.16"]
[White "Erenberg, Ariel"]
[Black "Nguyen, Ngoc Truong Son"]
[Result "0-1"]
[WhiteElo "2463"]
[BlackElo "2638"]
[Annotator "RC"]
[PlyCount "88"]
[EventDate "2019.10.10"]
[EventType "swiss"]
[EventCountry "GBR"]
[SourceTitle "playchess.com"]
[Source "ChessBase"]
[SourceQuality "1"]
[TimeControl "40/6000+30:20/3000+30:900+30"]

1. d4 {[%emt 0:00:00]} Nf6 {[%emt 0:00:07]} 2. c4 {[%emt 0:00:00]} e6 {[%emt 0:00:20]} 3. Nf3 {[%emt 0:00:00]} d5 {[%emt 0:00:15]} 4. Nc3 {[%emt 0:00:00]} Nbd7 {[%emt 0:00:13]} 5. Bf4 {[%emt 0:03:41]} dxc4 {[%emt 0:01:27]} 6. e3 {[%emt 0:00:02]} b5 {[%emt 0:00:49]} 7. Nxb5 {[%emt 0:00:23]} Bb4+ {[%emt 0:00:13]} 8. Nc3 {[%emt 0:04:55]} Nd5 {[%emt 0:00:28]} 9. Rc1 {[%emt 0:01:08]} N7b6 {[%emt 0:14:42]} 10. Bg3 {[%emt 0:01:55]} O-O {[%emt 0:07:01]} 11. Be2 {[%emt 0:03:45]} Bb7 {[%emt 0:15:05]} 12. O-O {[%emt 0:00:43]} Nxc3 {[%emt 0:06:08]} 13. bxc3 {[%emt 0:00:11]} Ba3 {[%emt 0:00:28]} 14. Ra1 {[%emt 0:23:27]} c5 {[%emt 0:07:29]} 15. Qc2 {[%emt 0:14:22]} Qd5 {[%emt 0:02:40]} 16. Rfe1 {[%emt 0:26:28]} Rac8 {[%emt 0:07:19]} 17. Rab1 {[%emt 0:05:39]} cxd4 {[%emt 0:06:31]} 18. exd4 {[%emt 0:00:09]} Qa5 {[%emt 0:05:18]} 19. Ne5 {[%emt 0:05:41]} Bd5 {[%emt 0:02:25]} 20. Bd1 {[%emt 0:02:51]} f6 {[%emt 0:06:17]} 21. Nf3 {[%emt 0:00:07]} Rfe8 {[%emt 0:01:42]} 22. Nd2 {[%emt 0:11:24]} Bc6 {[%emt 0:03:46]} 23. Nf1 {[%emt 0:01:58]} Ba4 {[%emt 0:01:50]} 24. Qd2 {[%emt 0:00:22]} Bxd1 {[%emt 0:01:14]} 25. Rexd1 {[%emt 0:02:29]} Na4 {[%emt 0:01:30]} 26. Rb7 {[%emt 0:00:44]} Re7 {[%emt 0:04:23]} 27. Rxe7 {[%emt 0:00:13]} Bxe7 {[%emt 0:00:05]} 28. Rc1 {[%emt 0:00:28]} Ba3 {[%emt 0:00:58]} 29. Rc2 {[%emt 0:00:02]} Qf5 {[%emt 0:00:22]} 30. Qe2 {[%emt 0:01:11]} h6 {[%emt 0:01:55]} 31. h4 {[%emt 0:00:18]} Kh7 {[%emt 0:00:16]} 32. Qd1 {[%emt 0:00:50]} Bb2 {[%emt 0:02:00]} 33. Qd2 {[%emt 0:00:29]} Bxc3 {[%emt 0:00:47]} 34. Rxc3 {[%emt 0:00:31]} Nxc3 {[%emt 0:00:05]} 35. Qxc3 {[%emt 0:00:03]} Qd3 {[%emt 0:00:10]} 36. Qxd3+ {[%emt 0:00:44]} cxd3 {[%emt 0:00:03]} 37. Bf4 {[%emt 0:00:24]} Rc4 {[%emt 0:00:34]} 38. Be3 {[%emt 0:00:40]} Ra4 {[%emt 0:00:10]} 39. f3 {[%emt 0:00:21]} Rxa2 {[%emt 0:00:03]} 40. Bd2 {[%emt 0:00:37]} a5 {[%emt 0:00:14]} 41. Kf2 {[%emt 0:50:11]} a4 {[%emt 0:50:09]} 42. Ke3 {[%emt 0:00:09]} Ra1 {[%emt 0:00:10]} 43. Ng3 {[%emt 0:01:06]} a3 {[%emt 0:00:11]} 44. Kxd3 {[%emt 0:00:00]} Rd1 {[%emt 0:00:00]} 0-1

[Event "FIDE Chesscom Grand Swiss 2019"]
[Site "Douglas-Isle of Man"]
[Date "2019.10.17"]
[Round "7.17"]
[White "Akopian, Vladimir"]
[Black "Matlakov, Maxim"]
[Result "1/2-1/2"]
[WhiteElo "2638"]
[BlackElo "2716"]
[Annotator "TA"]
[PlyCount "102"]
[EventDate "2019.10.10"]
[EventType "swiss"]
[EventCountry "GBR"]
[SourceTitle "playchess.com"]
[Source "ChessBase"]
[SourceQuality "1"]

{[%evp 13,102,9,30,29,16,4,36,-4,-10,3,18,-36,-28,-27,-27,-15,0,-11,4,-44,-49,-67,-2,-20,11,0,0,0,0,-33,-33,-38,-28,-46,-25,-38,-22,-7,-12,-41,-27,-27,-13,-22,-12,-14,-15,-37,-12,-41,-24,-38,0,-20,45,-11,75,0,123,137,127,24,24,20,8,0,0,0,0,0,0,0,0,0,0,0,8,8,8,0,0,0,0,0,0,0,0,0,0,0,0]} 1. e4 e5 2. Nf3 Nc6 3. Bc4 Bc5 4. c3 Nf6 5. d3 d6 6. Bg5 h6 7. Bh4 a6 8. a4 {C54: Giuoco Piano: 4 c3 Nf6, main lines with 5 d4 and 5 d3} Ba7 9. Nbd2 Qe7 (9... g5 $5 {[%cal Rg5h4]} 10. Bg3 O-O $11) 10. b4 {White is slightly better.} g5 11. Bg3 Nh5 12. b5 (12. Nb3 $11) 12... Na5 $146 ({Predecessor:} 12... Nd8 13. bxa6 bxa6 14. Rb1 {1-0 (44) Caruana,F (2819)-Anand,V (2767) Stavanger 2019}) 13. Bd5 c6 14. Ba2 axb5 15. axb5 cxb5 16. O-O Nxg3 17. hxg3 O-O (17... h5 $15) 18. Bd5 $11 Nc6 19. Rb1 b4 20. cxb4 {White wants to play b5.} Nd4 21. b5 {next b6 is good for White.} Bc5 22. Nxd4 Bxd4 23. Nf3 Bb6 24. d4 Kg7 25. dxe5 dxe5 26. Ra1 Rb8 27. Qb3 Qf6 28. Ra3 Re8 29. Qb2 Re7 30. Rc1 Bd7 31. Rc2 h5 32. Qc1 Kg6 (32... g4 $5 {[%cal Rg4f3]} 33. Nh4 Rc8 $15) 33. Qa1 Rh8 (33... Kh7 $11) 34. Ra8 (34. Bxb7 $14 h4 35. g4) 34... h4 (34... Rxa8 $11 35. Qxa8 Kg7 36. Qxb7 Bxb5) 35. gxh4 ({White should play} 35. Rxh8 $16 Qxh8 36. gxh4 gxh4 37. Bxb7) 35... gxh4 (35... Rxa8 $1 $11 {keeps the balance.} 36. Qxa8 g4) 36. Rxh8 $16 ({Of course not} 36. Bxb7 $6 Rxa8 37. Bxa8 (37. Qxa8 Kh7 $11) 37... h3 $11) 36... Qxh8 37. Qa3 ({Better is} 37. Bxb7 $16 {aiming for Bc6.} h3 38. g3) 37... Qf6 $11 38. Bxb7 Bxb5 {The position is equal.} 39. Bc6 Bxc6 {[#]} 40. Rxc6 $1 {[%mdl 512]} Qxc6 41. Qxe7 {[%mdl 64] Double Attack} Qc1+ 42. Kh2 Qf4+ {[%mdl 64] Double Attack} 43. Kh3 Bxf2 {[%csl Gf2,Gh4][%cal Rf4g3] [#]} 44. Qxe5 Qxe5 (44... Qg3+ {keeps more tension.} 45. Qxg3+ Bxg3 46. Kg4 Kf6 47. Kh3 Ke6) 45. Nxe5+ {[%mdl 4096] Endgame KB-KN} Kg7 46. Kg4 Kf6 47. Nf3 Bg3 48. Nxh4 Bxh4 49. Kxh4 Ke5 50. Kg5 Kxe4 51. Kf6 Kf4 {Accuracy: White = 37%, Black = 38%.} 1/2-1/2